000 00910nam a22002417a 4500
010 _aB-094977
020 _c140.00
_a817143326
035 _aB-094977
037 _aCen Lib/Ret
040 _aDPL
_bPA
082 _a
_bਬਸੰਤ
100 _aਬਸੰਤ ਕੁਮਾਰ ਰਤਨ
_942591
245 _aਇੱਛਰਾਂ :
_cਬਸੰਤ ਕੁਮਾਰ ਰਤਨ
_bਨਾਵਲ /
246 _aIchhraan : novel /
_bby Basant Kumar Rattan
260 _aਅੰਮ੍ਰਿਤਸਰ
_bਰਵੀ ਸਾਹਿਤ ਪ੍ਰਕਾਸ਼ਨ
_c2003
270 _a ਹਾਲ ਬਾਜ਼ਾਰ
_b ਅੰਮ੍ਰਿਤਸਰ
300 _a144p ;
_b24cm(Hb)
650 _aਸਾਹਿਤ --ਪੰਜਾਬੀ
_9132704
650 _aਪੰਜਾਬੀ -- ਨਾਵਲ
_9132705
650 _aliterature--Punjabi
_9132706
650 _aPunjabi-- noval
_9115816
942 _2ddc
_cPN
_h
_mਬਸੰਤ
999 _c111004
_d111004